Những hiểu biết về người Thái ở Việt Nam : Sách tham khảo

Sách giới thiệu văn hóa Thái trong lịch sử Việt Nam, sự phân chia thành các vùng văn hoá và nhóm địa phương, quang cảnh tự nhiên của nơi cư trú và sinh hoạt kinh tế, sinh hoạt ăn uống, ở, mặc, đi lại; Quan hệ gia đình, xã hội và một số nét c...

Popoln opis

Shranjeno v:
Bibliografske podrobnosti
Glavni avtor: Cầm Trọng
Format: Knjiga
Jezik:Undetermined
Izdano: Hà Nội Chính trị Quốc gia 2005
Teme:
Oznake: Označite
Brez oznak, prvi označite!
Thư viện lưu trữ: Trung tâm Học liệu Trường Đại học Cần Thơ
LEADER 01108nam a2200229Ia 4500
001 CTU_101027
008 210402s9999 xx 000 0 und d
020 |c 23000 
082 |a 305.89597 
082 |b C104 
100 |a Cầm Trọng 
245 0 |a Những hiểu biết về người Thái ở Việt Nam : 
245 0 |b Sách tham khảo 
245 0 |c Cầm Trọng 
260 |a Hà Nội 
260 |b Chính trị Quốc gia 
260 |c 2005 
520 |a Sách giới thiệu văn hóa Thái trong lịch sử Việt Nam, sự phân chia thành các vùng văn hoá và nhóm địa phương, quang cảnh tự nhiên của nơi cư trú và sinh hoạt kinh tế, sinh hoạt ăn uống, ở, mặc, đi lại; Quan hệ gia đình, xã hội và một số nét cơ bản về văn hoá phi vật thể của người Thái ở Việt Nam. 
650 |a Racial, etnic, national groups 
650 |z Vietnamese 
904 |i Hiếu 
980 |a Trung tâm Học liệu Trường Đại học Cần Thơ